书目信息 |
| 题名: |
小布什问鼎白宫
|
|
| 作者: | 米切尔 著 | |
| 分册: | ||
| 出版信息: | 北京 世界知识出版社 2000.09 |
|
| 页数: | 344页 | |
| 开本: | 32开 | |
| 丛书名: | ||
| 单 册: | ||
| 中图分类: | D771.219 | |
| 科图分类: | ||
| 主题词: | 政治 | |
| 电子资源: | ||
| ISBN: | 7-5012-1404-2 | |
| 000 | 00552nam0 2200193 45 | |
| 001 | 0011021927 | |
| 005 | 20001102190201.7 | |
| 010 | @a7-5012-1404-2@d19.80元 | |
| 100 | @a20001102d2000 km y0chiy0120 ea | |
| 101 | 0 | @achi |
| 105 | @a z 000yy | |
| 200 | 1 | @a小布什问鼎白宫@AXiao Bu Shen Wen Ding Bai Gong@f(美)米切尔 著@F(Mei)Mi Qie Er Zhu |
| 210 | @a北京@c世界知识出版社@d2000.09 | |
| 215 | @a344页@d32开 | |
| 606 | 0 | @a政治 |
| 690 | @aD771.219@v3 | |
| 701 | 0 | @a米切尔@4著 |
| 801 | @aCN@bPftUser@c20001102 | |
| 905 | @b196787-789@dD771.219@eM224@f3 | |
| 小布什问鼎白宫/(美)米切尔 著.-北京:世界知识出版社,2000.09 |
| 344页;32开 |
| ISBN 7-5012-1404-2:19.80元 |
| ● |
| 相关链接 |
|
|
|
正题名:小布什问鼎白宫
索取号:D771.219/M224
 
预约/预借
| 序号 | 登录号 | 条形码 | 馆藏地/架位号 | 状态 | 备注 |
| 1 | 196787 | 201967871 | 社科库509/ [索取号:D771.219/M224] | 在馆 | |
| 2 | 196788 | 201967880 | 社科库509/509社科库 78排3列6层/ [索取号:D771.219/M224] | 在馆 | |
| 3 | 196789 | 201967899 | 社科库509/509社科库 78排3列6层/ [索取号:D771.219/M224] | 在馆 |